000 00328cam a2200133ua 4500
003 OSt
008 230404b |||||||| |||| 00| 0 eng d
041 _aeng
082 _a425
_bLIT/LI
245 _aLifco`s good English:How to master it
260 _aThevara :
_bLittle flower press ,
_c1961.
300 _a107 ; .
942 _cBK
999 _c12834
_d12834